Odborné ruské texty : chrestomatie pro filology - neruštináře /

Main Author: Kšicová, Danuše, 1932-2017
Other Authors: Vlašínová, Vlasta, 1925-1977
Language: Czech
Published: Brno : Univerzita J.E. Purkyně, 1965
Physical Description: 72 s.
Book
Saved in:
LEADER 00884nam a22002292a 4500
001 000207958
003 CZ BrMZK
005 19970107143423.0
008 970107s1965 xr f cze d
015 |a cnb000489430 
035 |a (OCoLC)42129561 
040 |a BOA001  |b cze 
100 1 |a Kšicová, Danuše,  |d 1932-2017  |7 jk01070221 
245 1 0 |a Odborné ruské texty :  |b chrestomatie pro filology - neruštináře /  |c redakčně a metodicky zpracovaly: Danuše Kšicová, Vlasta Vlašínová. 
260 |a Brno :  |b Univerzita J.E. Purkyně,  |c 1965 
300 |a 72 s. 
700 1 |a Vlašínová, Vlasta,  |d 1925-1977  |7 jk01150077 
910 |a BOA001  |b PK-N-0009.034 
964 |a Jazykověda - texty ruské - školy vysoké 
964 |a Ruština - texty odborné - jazykověda 
990 |a BK 
996 7 |b 3119903687  |c PK-N-0009.034  |l MZK  |r Sklad / do 1 hodiny  |n 1  |w 000207958  |u 000010  |a 1  |e BOA001  |j MZK50  |s A